[Event "Tradewise Gibraltar Masters 16th"]
[Site "Gibraltar"]
[Date "2018.01.28"]
[Round "6.24"]
[White "Prithu, Gupta"]
[Black "Svane, Rasmus"]
[Result "1/2-1/2"]
[WhiteElo "2373"]
[BlackElo "2595"]
[PlyCount "60"]
[EventDate "2018.01.23"]
[EventType "swiss"]
[EventRounds "10"]
[EventCountry "GGB"]
[SourceTitle "BritBase"]
[Source "www.saund.co.uk"]
[SourceDate "2018.02.10"]
[SourceVersion "1"]
[SourceVersionDate "2018.02.10"]
[SourceQuality "1"]

1. Nf3 d5 2. c4 e6 3. e3 Nf6 4. b3 Be7 5. Bb2 O-O 6. Qc2 c5 7. cxd5 exd5 8. d4
cxd4 9. Nxd4 Bg4 10. Be2 Bxe2 11. Qxe2 Bb4+ 12. Bc3 Qa5 13. Bxb4 Qxb4+ 14. Qd2
Qd6 15. Nc3 Nc6 16. Rc1 Rfd8 17. f3 Rac8 18. O-O Qb4 19. Rfd1 Nxd4 20. Qxd4
Qxd4 21. exd4 Rc6 22. Ne2 Rdc8 23. Rxc6 Rxc6 24. Rc1 Rxc1+ 25. Nxc1 Kf8 26. Nd3
Ke7 27. Kf2 Nd7 28. Ke3 Kd6 29. Nb2 Nb8 30. Nd1 Nc6 1/2-1/2

[Event "Tradewise Gibraltar Masters 16th"]
[Site "Gibraltar"]
[Date "2018.01.28"]
[Round "6.25"]
[White "Gopal, Geetha Narayanan"]
[Black "Saduakassova, Dinara"]
[Result "1/2-1/2"]
[WhiteElo "2593"]
[BlackElo "2470"]
[PlyCount "101"]
[EventDate "2018.01.23"]
[EventType "swiss"]
[EventRounds "10"]
[EventCountry "GGB"]
[SourceTitle "BritBase"]
[Source "www.saund.co.uk"]
[SourceDate "2018.02.10"]
[SourceVersion "1"]
[SourceVersionDate "2018.02.10"]
[SourceQuality "1"]

1. e4 e5 2. Nf3 Nc6 3. Bb5 g6 4. c3 Bg7 5. O-O a6 6. Ba4 Nge7 7. d4 exd4 8.
cxd4 O-O 9. d5 Na5 10. Nc3 b5 11. Bc2 d6 12. h3 Bb7 13. Re1 Rc8 14. Rb1 c6 15.
dxc6 Rxc6 16. Be3 Nc4 17. Bd4 Ne5 18. Bxe5 dxe5 19. Qxd8 Rxd8 20. Bb3 h6 21.
Nd5 Kf8 22. Nxe7 Kxe7 23. Bd5 Rc7 24. Bxb7 Rxb7 25. Rbc1 Rbd7 26. Kf1 Ke6 27.
Ke2 f5 28. Rc2 fxe4 29. Nd2 Kf5 30. Nf1 Rd4 31. Rc6 R8d6 32. Rxd6 Rxd6 33. Ng3+
Ke6 34. Nxe4 Rc6 35. Rd1 Bf8 36. Kd3 Rc4 37. f3 Be7 38. Rd2 h5 39. Rc2 Kd5 40.
Nc3+ Ke6 41. b3 Rc8 42. Ne4 Rxc2 43. Kxc2 Kd5 44. Kd3 Bb4 45. Nf6+ Ke6 46. Ne4
Kd5 47. Ng3 Ba3 48. Nf1 Bc1 49. Ng3 Ba3 50. Ne2 Bb4 51. Ng3 1/2-1/2

[Event "Tradewise Gibraltar Masters 16th"]
[Site "Gibraltar"]
[Date "2018.01.28"]
[Round "6.26"]
[White "Esipenko, Andrey"]
[Black "Venkatesh, Marani Rajendran"]
[Result "1-0"]
[WhiteElo "2571"]
[BlackElo "2445"]
[PlyCount "141"]
[EventDate "2018.01.23"]
[EventType "swiss"]
[EventRounds "10"]
[EventCountry "GGB"]
[SourceTitle "BritBase"]
[Source "www.saund.co.uk"]
[SourceDate "2018.02.10"]
[SourceVersion "1"]
[SourceVersionDate "2018.02.10"]
[SourceQuality "1"]

1. d4 Nf6 2. c4 e6 3. Nf3 Bb4+ 4. Nbd2 O-O 5. a3 Be7 6. e4 d5 7. e5 Nfd7 8. Bd3
c5 9. Qc2 h6 10. O-O Nc6 11. Nb3 a5 12. Bf4 b6 13. Rad1 a4 14. Nc1 Nxd4 15.
Nxd4 cxd4 16. cxd5 exd5 17. Bf5 Nc5 18. Rxd4 Be6 19. Ne2 Qc8 20. Ng3 Nb3 21.
Rdd1 Qxc2 22. Bxc2 Rfc8 23. Bb1 b5 24. Nf5 Bc5 25. Be3 b4 26. axb4 Bxb4 27. Nd4
Nxd4 28. Bxd4 Rab8 29. Rc1 Bd2 30. Rxc8+ Rxc8 31. Bd3 g5 32. Ra1 Bd7 33. Kf1
Rb8 34. Ke2 Bf4 35. Re1 Rb4 36. Bc3 Rb3 37. g3 a3 38. Bc2 Bb5+ 39. Kf3 Rxc3+
40. bxc3 Bd2 41. Ra1 Bxc3 42. Rxa3 Bxe5 43. Bd3 Bc4 44. Ra8+ Kg7 45. Bxc4 dxc4
46. Rc8 c3 47. Ke4 Bf6 48. Rc6 Kg6 49. f4 gxf4 50. Kxf4 Kg7 51. Kf5 Bd4 52. Rc4
Bf6 53. g4 Bh4 54. Rxc3 Bg5 55. Rc6 Kh7 56. Ke4 Kg7 57. Kf3 Bh4 58. Rc5 Kg6 59.
Kg2 Be1 60. Rh5 f6 61. Rd5 Bh4 62. Rb5 Be1 63. Rh5 Kg7 64. Kf1 Bc3 65. h4 Be5
66. Kg2 Bc3 67. Rf5 Be1 68. h5 Kf7 69. Kf3 Bh4 70. Ke4 Ke6 71. Ra5 1-0

[Event "Tradewise Gibraltar Masters 16th"]
[Site "Gibraltar"]
[Date "2018.01.28"]
[Round "6.27"]
[White "Huzman, Alexander"]
[Black "Mohammad, Nubairshah Shaikh"]
[Result "1-0"]
[WhiteElo "2561"]
[BlackElo "2380"]
[PlyCount "95"]
[EventDate "2018.01.23"]
[EventType "swiss"]
[EventRounds "10"]
[EventCountry "GGB"]
[SourceTitle "BritBase"]
[Source "www.saund.co.uk"]
[SourceDate "2018.02.10"]
[SourceVersion "1"]
[SourceVersionDate "2018.02.10"]
[SourceQuality "1"]

1. d4 d5 2. c4 c6 3. Nc3 Nf6 4. e3 g6 5. Nf3 Bg7 6. Be2 O-O 7. O-O b6 8. a4 a5
9. cxd5 cxd5 10. b3 Ne4 11. Nxe4 dxe4 12. Nd2 Bb7 13. Ba3 Nd7 14. Qb1 f5 15. b4
Bd5 16. bxa5 bxa5 17. Rc1 Rb8 18. Bb5 Rf7 19. Qc2 e5 20. Bd6 Ra8 21. Nb3 f4 22.
Nc5 f3 23. Nxd7 exd4 24. Qc5 Qg5 25. g3 dxe3 26. Ne5 exf2+ 27. Kh1 Qd2 28. Rd1
Qe2 29. Bxe2 fxe2 30. Qxd5 Raa7 31. Rac1 exd1=Q+ 32. Rxd1 Bxe5 33. Qxe5 f1=Q+
34. Rxf1 Rxf1+ 35. Kg2 Raf7 36. Qxe4 R1f2+ 37. Kh3 R7f5 38. g4 R2f3+ 39. Bg3
Rf7 40. Qa8+ Kg7 41. Qxa5 h5 42. gxh5 R7f5 43. Qc7+ Kh6 44. hxg6 Kxg6 45. a5
Rf6 46. Kg4 R3f5 47. Qc2 Rf7 48. h4 1-0

[Event "Tradewise Gibraltar Masters 16th"]
[Site "Gibraltar"]
[Date "2018.01.28"]
[Round "6.28"]
[White "Cramling, Pia"]
[Black "Perez Ponsa, Federico"]
[Result "1/2-1/2"]
[WhiteElo "2449"]
[BlackElo "2553"]
[PlyCount "62"]
[EventDate "2018.01.23"]
[EventType "swiss"]
[EventRounds "10"]
[EventCountry "GGB"]
[SourceTitle "BritBase"]
[Source "www.saund.co.uk"]
[SourceDate "2018.02.10"]
[SourceVersion "1"]
[SourceVersionDate "2018.02.10"]
[SourceQuality "1"]

1. d4 Nf6 2. Nf3 e6 3. c4 Bb4+ 4. Nbd2 O-O 5. a3 Be7 6. b4 a5 7. b5 c5 8. bxc6
Nxc6 9. e3 d6 10. Bb2 Re8 11. Bd3 Bf8 12. O-O e5 13. Qc2 h6 14. Ne4 Bg4 15.
Nfd2 exd4 16. exd4 Nh5 17. Ng3 Nf4 18. Bh7+ Kh8 19. Be4 Be7 20. Bf3 Qd7 21.
Bxg4 Qxg4 22. h3 Qd7 23. Nf3 Bf6 24. Qd2 Ng6 25. Nh5 Qf5 26. Nxf6 Qxf6 27. d5
Nce5 28. Nxe5 Nxe5 29. Rac1 Qg6 30. Bxe5 Rxe5 31. Rb1 Rc8 1/2-1/2

[Event "Tradewise Gibraltar Masters 16th"]
[Site "Gibraltar"]
[Date "2018.01.28"]
[Round "6.29"]
[White "Deac, Bogdan-Daniel"]
[Black "Haria, Ravi"]
[Result "1-0"]
[WhiteElo "2549"]
[BlackElo "2374"]
[PlyCount "105"]
[EventDate "2018.01.23"]
[EventType "swiss"]
[EventRounds "10"]
[EventCountry "GGB"]
[SourceTitle "BritBase"]
[Source "www.saund.co.uk"]
[SourceDate "2018.02.10"]
[SourceVersion "1"]
[SourceVersionDate "2018.02.10"]
[SourceQuality "1"]

1. d4 e6 2. Nf3 Nf6 3. c4 d5 4. Nc3 Bb4 5. cxd5 exd5 6. Bg5 Nbd7 7. Qc2 c5 8.
g3 h6 9. Bxf6 Nxf6 10. Bg2 O-O 11. O-O c4 12. a3 Be7 13. b3 cxb3 14. Qxb3 Rb8
15. Ne5 Be6 16. Nd3 Qa5 17. Nf4 Rfd8 18. e4 Rbc8 19. Nce2 Qb6 20. Qxb6 axb6 21.
e5 Nh7 22. Rab1 Rc2 23. Rxb6 Bg4 24. Nxd5 Rxd5 25. Bxd5 Bxe2 26. Rxb7 Bxf1 27.
Kxf1 Bxa3 28. Bxf7+ Kh8 29. Rb3 Rc7 30. Bh5 Ra7 31. d5 Nf8 32. d6 g6 33. Bg4
Ra8 34. f4 h5 35. Bf3 Ra7 36. Rc3 Nd7 37. Rc8+ Kg7 38. Rc7 Rxc7 39. dxc7 Nb6
40. Bb7 h4 41. Kg2 hxg3 42. hxg3 g5 43. Kf3 gxf4 44. gxf4 Kf7 45. c8=Q Nxc8 46.
Bxc8 Bf8 47. Kg4 Bh6 48. Kf5 Kf8 49. Be6 Ke7 50. Bd5 Kf8 51. Kg4 Ke7 52. Bc4
Bg7 53. Kg5 1-0

[Event "Tradewise Gibraltar Masters 16th"]
[Site "Gibraltar"]
[Date "2018.01.28"]
[Round "6.30"]
[White "Paehtz, Thomas"]
[Black "Epishin, Vladimir"]
[Result "1/2-1/2"]
[WhiteElo "2356"]
[BlackElo "2536"]
[PlyCount "72"]
[EventDate "2018.01.23"]
[EventType "swiss"]
[EventRounds "10"]
[EventCountry "GGB"]
[SourceTitle "BritBase"]
[Source "www.saund.co.uk"]
[SourceDate "2018.02.10"]
[SourceVersion "1"]
[SourceVersionDate "2018.02.10"]
[SourceQuality "1"]

1. e4 c6 2. d4 d5 3. exd5 cxd5 4. c4 Nf6 5. Nc3 e6 6. Nf3 Bb4 7. cxd5 Nxd5 8.
Bd2 O-O 9. Bd3 Nf6 10. Bg5 Nbd7 11. O-O Bxc3 12. bxc3 Qc7 13. Qd2 b6 14. Bf4
Qc6 15. Ne5 Nxe5 16. Bxe5 Bb7 17. f3 Nd7 18. Be4 Qc8 19. Bd6 Re8 20. Rae1 b5
21. Rb1 a6 22. a4 Nb6 23. Bxb7 Qxb7 24. axb5 Nc4 25. Qf4 axb5 26. Bc5 h6 27.
Ra1 e5 28. dxe5 Nxe5 29. Rxa8 Qxa8 30. Bd4 Nc6 31. Qg4 Nxd4 32. Qxd4 Rd8 33.
Qb6 Rb8 34. Qd4 Qa4 35. Qxa4 bxa4 36. Ra1 Rb3 1/2-1/2

[Event "Tradewise Gibraltar Masters 16th"]
[Site "Gibraltar"]
[Date "2018.01.28"]
[Round "6.31"]
[White "Cernousek, Lukas"]
[Black "Iturrizaga Bonelli, Eduardo"]
[Result "0-1"]
[WhiteElo "2468"]
[BlackElo "2650"]
[PlyCount "124"]
[EventDate "2018.01.23"]
[EventType "swiss"]
[EventRounds "10"]
[EventCountry "GGB"]
[SourceTitle "BritBase"]
[Source "www.saund.co.uk"]
[SourceDate "2018.02.10"]
[SourceVersion "1"]
[SourceVersionDate "2018.02.10"]
[SourceQuality "1"]

1. d4 Nf6 2. c4 c5 3. d5 b5 4. cxb5 a6 5. bxa6 g6 6. Nc3 Bxa6 7. g3 d6 8. Bg2
Bg7 9. Nf3 O-O 10. O-O Nbd7 11. Rb1 Qa5 12. Bd2 Bb7 13. Qc2 Qa6 14. e4 Ng4 15.
b3 Nge5 16. a4 Qd3 17. Ne1 Qxc2 18. Nxc2 Ba6 19. Rfd1 Rfb8 20. Ne1 Ng4 21. Bh3
h5 22. Nb5 Bxb5 23. axb5 Rxb5 24. Bf1 Rb7 25. h3 Ngf6 26. Bd3 Ne5 27. Bc2 Ra2
28. Kg2 Ne8 29. Bc3 Nf3 30. Bxg7 Nxe1+ 31. Rxe1 Kxg7 32. Bd3 Nf6 33. Bc4 Rba7
34. e5 dxe5 35. Rxe5 Rd2 36. Rbe1 Kf8 37. R1e2 Rd4 38. Kh2 Ne8 39. d6 Nxd6 40.
Rxc5 h4 41. Rd5 hxg3+ 42. fxg3 Rxd5 43. Bxd5 Ra5 44. Rd2 Rc5 45. Bg2 Rb5 46.
Bd5 f5 47. g4 Kg7 48. Bc4 Re5 49. gxf5 gxf5 50. Re2 Nxc4 51. Rg2+ Kf6 52. bxc4
Rc5 53. Rc2 f4 54. h4 Kf5 55. Kh3 e5 56. Rc1 e4 57. h5 e3 58. h6 Rc6 59. Kg2
Kg4 60. c5 f3+ 61. Kg1 Rxh6 62. c6 Kg3 0-1

[Event "Tradewise Gibraltar Masters 16th"]
[Site "Gibraltar"]
[Date "2018.01.28"]
[Round "6.32"]
[White "Sethuraman, SP."]
[Black "Lou, Yiping"]
[Result "1-0"]
[WhiteElo "2646"]
[BlackElo "2462"]
[PlyCount "85"]
[EventDate "2018.01.23"]
[EventType "swiss"]
[EventRounds "10"]
[EventCountry "GGB"]
[SourceTitle "BritBase"]
[Source "www.saund.co.uk"]
[SourceDate "2018.02.10"]
[SourceVersion "1"]
[SourceVersionDate "2018.02.10"]
[SourceQuality "1"]

1. d4 Nf6 2. c4 g6 3. g3 c6 4. Bg2 d5 5. Qa4 Nfd7 6. cxd5 Nb6 7. Qd1 cxd5 8.
Nc3 Bg7 9. e3 O-O 10. Nge2 Nc6 11. O-O Bg4 12. f3 Bd7 13. b3 Re8 14. a4 a5 15.
Ba3 e6 16. Qd2 Bf8 17. Bxf8 Rxf8 18. e4 dxe4 19. fxe4 e5 20. dxe5 Be6 21. Nd5
Nd7 22. Nec3 Kg7 23. Nb5 Ndxe5 24. h3 Rc8 25. Rad1 Bxd5 26. exd5 Qb6+ 27. Kh2
Nb8 28. Rc1 Nbd7 29. d6 Rxc1 30. Rxc1 Nf6 31. Rc7 Nc6 32. Bxc6 bxc6 33. Qd4 Qa6
34. Ra7 Qc8 35. d7 Qd8 36. Nd6 Kg8 37. Nc4 Qe7 38. Qe5 Qd8 39. Qd6 Ne4 40. Qxc6
Qb8 41. Rc7 h5 42. h4 g5 43. hxg5 1-0

[Event "Tradewise Gibraltar Masters 16th"]
[Site "Gibraltar"]
[Date "2018.01.28"]
[Round "6.33"]
[White "Prasanna, Raghuram Rao"]
[Black "Georgiev, Kiril"]
[Result "1/2-1/2"]
[WhiteElo "2458"]
[BlackElo "2623"]
[PlyCount "59"]
[EventDate "2018.01.23"]
[EventType "swiss"]
[EventRounds "10"]
[EventCountry "GGB"]
[SourceTitle "BritBase"]
[Source "www.saund.co.uk"]
[SourceDate "2018.02.10"]
[SourceVersion "1"]
[SourceVersionDate "2018.02.10"]
[SourceQuality "1"]

1. Nf3 Nf6 2. c4 c5 3. g3 b6 4. Bg2 Bb7 5. Nc3 e6 6. O-O Be7 7. b3 O-O 8. Bb2
d6 9. d4 cxd4 10. Qxd4 a6 11. Rfd1 Nbd7 12. Rac1 Qc7 13. Ne1 Rfd8 14. Ne4 Bf8
15. Nxf6+ Nxf6 16. Qf4 Ne8 17. Qe3 Bxg2 18. Nxg2 Qb7 19. Nf4 b5 20. Nd3 Rac8
21. Bd4 bxc4 22. bxc4 h6 23. c5 Qa8 24. cxd6 Nxd6 25. Bb6 Rxc1 26. Rxc1 Rc8 27.
Rxc8 Qxc8 28. Bc5 Qc7 29. Qf4 Nb5 30. Qxc7 1/2-1/2

[Event "Tradewise Gibraltar Masters 16th"]
[Site "Gibraltar"]
[Date "2018.01.28"]
[Round "6.34"]
[White "Edouard, Romain"]
[Black "Yankelevich, Lev"]
[Result "1-0"]
[WhiteElo "2613"]
[BlackElo "2456"]
[PlyCount "81"]
[EventDate "2018.01.23"]
[EventType "swiss"]
[EventRounds "10"]
[EventCountry "GGB"]
[SourceTitle "BritBase"]
[Source "www.saund.co.uk"]
[SourceDate "2018.02.10"]
[SourceVersion "1"]
[SourceVersionDate "2018.02.10"]
[SourceQuality "1"]

1. Nf3 d5 2. d4 Nf6 3. c4 e6 4. Nc3 a6 5. cxd5 exd5 6. Bg5 Be6 7. e3 Nbd7 8.
Bd3 h6 9. Bh4 Bd6 10. Qc2 c6 11. Nd2 Qc7 12. O-O-O O-O-O 13. Nb3 Rde8 14. Kb1
Kb8 15. Rc1 g5 16. Bg3 Bxg3 17. hxg3 h5 18. Na4 Ne4 19. Bxe4 dxe4 20. Nbc5 Bd5
21. Nxd7+ Qxd7 22. Nc5 Qe7 23. Qe2 f5 24. Rc3 h4 25. gxh4 Rxh4 26. Rhc1 Reh8
27. Qe1 Qf7 28. Ra3 Bc4 29. Qb4 Bb5 30. Rac3 Rh1 31. a4 Rxc1+ 32. Rxc1 Be2 33.
Nb3 Ka8 34. Ka2 f4 35. Ka3 f3 36. g3 Rh2 37. Na5 Rxf2 38. d5 Rf1 39. dxc6 b6
40. c7 Qxc7 41. Qxe4+ 1-0

[Event "Tradewise Gibraltar Masters 16th"]
[Site "Gibraltar"]
[Date "2018.01.28"]
[Round "6.35"]
[White "Esserman, Marc"]
[Black "Huschenbeth, Niclas"]
[Result "1/2-1/2"]
[WhiteElo "2446"]
[BlackElo "2587"]
[PlyCount "166"]
[EventDate "2018.01.23"]
[EventType "swiss"]
[EventRounds "10"]
[EventCountry "GGB"]
[SourceTitle "BritBase"]
[Source "www.saund.co.uk"]
[SourceDate "2018.02.10"]
[SourceVersion "1"]
[SourceVersionDate "2018.02.10"]
[SourceQuality "1"]

1. e4 c5 2. Nf3 d6 3. d4 cxd4 4. Nxd4 Nf6 5. Nc3 a6 6. Be2 e5 7. Nf3 Be7 8. Bg5
Nbd7 9. a4 h6 10. Be3 Ng4 11. Bc1 Ngf6 12. Be3 O-O 13. Nd2 Qc7 14. a5 b5 15.
axb6 Nxb6 16. Bxb6 Qxb6 17. Nc4 Qb7 18. Nd5 Nxd5 19. exd5 f5 20. O-O Bd7 21.
Ra3 Qc7 22. Na5 e4 23. Nc6 Bf6 24. Bc4 Kh8 25. Qd2 f4 26. Re1 Rae8 27. Rxa6 Bc8
28. Ra7 Qb6 29. Qxf4 Bg5 30. Qg3 e3 31. fxe3 Rxe3 32. Rxe3 Qxe3+ 33. Qxe3 Bxe3+
34. Kh1 Bxa7 35. Nxa7 Bd7 36. Nc6 Rc8 37. Na5 Rb8 38. b3 g5 39. Kg1 Kg7 40. Nc6
Rb6 41. Nd4 Kf6 42. Kf2 Ke5 43. Ke3 g4 44. c3 Be8 45. Nc2 Bb5 46. Nb4 Bxc4 47.
bxc4 Rb7 48. Nc6+ Kf5 49. Nd4+ Kf6 50. Kf4 Rb2 51. Nb5 Rxg2 52. Nxd6 h5 53. c5
Rf2+ 54. Ke3 Rf3+ 55. Ke4 Rxc3 56. c6 Ke7 57. Nb7 Ke8 58. Kd4 Rc1 59. Nc5 Kd8
60. d6 Rd1+ 61. Ke5 h4 62. d7 g3 63. hxg3 h3 64. Ne6+ Ke7 65. Nc5 Rc1 66. Nb7
Rd1 67. Nc5 h2 68. c7 h1=Q 69. c8=Q Qd5+ 70. Kf4 Rf1+ 71. Ke3 Re1+ 72. Kf4 Rf1+
73. Ke3 Qf3+ 74. Kd4 Rd1+ 75. Kc4 Qd5+ 76. Kb4 Qd4+ 77. Ka5 Ra1+ 78. Kb6 Qd6+
79. Kb5 Rb1+ 80. Kc4 Rc1+ 81. Kb5 Rb1+ 82. Kc4 Rc1+ 83. Kb5 Rb1+ 1/2-1/2

[Event "Tradewise Gibraltar Masters 16th"]
[Site "Gibraltar"]
[Date "2018.01.28"]
[Round "6.36"]
[White "Donchenko, Alexander"]
[Black "Akesson, Ralf"]
[Result "1-0"]
[WhiteElo "2580"]
[BlackElo "2443"]
[PlyCount "71"]
[EventDate "2018.01.23"]
[EventType "swiss"]
[EventRounds "10"]
[EventCountry "GGB"]
[SourceTitle "BritBase"]
[Source "www.saund.co.uk"]
[SourceDate "2018.02.10"]
[SourceVersion "1"]
[SourceVersionDate "2018.02.10"]
[SourceQuality "1"]

1. c4 Nf6 2. g3 e6 3. Bg2 d5 4. d4 Bb4+ 5. Nd2 O-O 6. Ngf3 b6 7. O-O Bb7 8. Ne5
Be7 9. b3 c5 10. dxc5 bxc5 11. cxd5 exd5 12. Bb2 a5 13. Re1 a4 14. bxa4 Nbd7
15. e4 d4 16. Nec4 Nb6 17. a5 Nxc4 18. Nxc4 Nd7 19. e5 Bxg2 20. Kxg2 Ra6 21.
Bc1 Qa8+ 22. Qf3 Qxf3+ 23. Kxf3 f6 24. exf6 Raxf6+ 25. Kg4 Bd8 26. f4 g5 27.
Rb1 Rh6 28. Rb2 gxf4 29. Bxf4 Nf6+ 30. Kf3 Nd5 31. Re8 Nxf4 32. Rxf8+ Kxf8 33.
gxf4 Rh3+ 34. Ke4 Rc3 35. Kd5 d3 36. a6 1-0

[Event "Tradewise Gibraltar Masters 16th"]
[Site "Gibraltar"]
[Date "2018.01.28"]
[Round "6.37"]
[White "Tregubov, Pavel V"]
[Black "Zhukova, Natalia"]
[Result "1-0"]
[WhiteElo "2575"]
[BlackElo "2438"]
[PlyCount "51"]
[EventDate "2018.01.23"]
[EventType "swiss"]
[EventRounds "10"]
[EventCountry "GGB"]
[SourceTitle "BritBase"]
[Source "www.saund.co.uk"]
[SourceDate "2018.02.10"]
[SourceVersion "1"]
[SourceVersionDate "2018.02.10"]
[SourceQuality "1"]

1. d4 Nf6 2. c4 e6 3. Nc3 d5 4. cxd5 Nxd5 5. e4 Nxc3 6. bxc3 c5 7. Rb1 Be7 8.
Nf3 O-O 9. Bc4 Qc7 10. Qe2 a6 11. O-O b5 12. Bd3 Bb7 13. a4 bxa4 14. Bf4 Qxf4
15. Rxb7 Bd8 16. Ne5 a3 17. g3 Qh6 18. Qa2 cxd4 19. cxd4 Bf6 20. Nxf7 Rxf7 21.
Qxe6 Be7 22. Rxe7 Qxe6 23. Rxe6 Rc7 24. Re8+ Kf7 25. Rh8 Rc3 26. Bb1 1-0

[Event "Tradewise Gibraltar Masters 16th"]
[Site "Gibraltar"]
[Date "2018.01.28"]
[Round "6.38"]
[White "Kosteniuk, Alexandra"]
[Black "Tarjan, James"]
[Result "1/2-1/2"]
[WhiteElo "2561"]
[BlackElo "2432"]
[PlyCount "88"]
[EventDate "2018.01.23"]
[EventType "swiss"]
[EventRounds "10"]
[EventCountry "GGB"]
[SourceTitle "BritBase"]
[Source "www.saund.co.uk"]
[SourceDate "2018.02.10"]
[SourceVersion "1"]
[SourceVersionDate "2018.02.10"]
[SourceQuality "1"]

1. e4 e5 2. Nf3 Nc6 3. Bb5 a6 4. Ba4 Nf6 5. O-O Be7 6. Re1 b5 7. Bb3 d6 8. c3
O-O 9. h3 Nb8 10. d4 Nbd7 11. Nbd2 Bb7 12. Bc2 Re8 13. Nf1 Bf8 14. Ng3 g6 15.
a4 c5 16. d5 c4 17. Bg5 Nc5 18. Qd2 Be7 19. Bh6 Nfd7 20. Nh2 Rb8 21. Rf1 Bc8
22. Kh1 Nxa4 23. Bxa4 bxa4 24. Rxa4 Nc5 25. Rb4 Bd7 26. Rxb8 Qxb8 27. Be3 Rc8
28. Bxc5 Rxc5 29. Ra1 a5 30. Ng4 Qf8 31. Nh2 a4 32. Nhf1 Rc8 33. Qe2 Qh6 34.
Ne3 Qf4 35. Nc2 Bd8 36. Nf1 Bb6 37. Kg1 Qg5 38. Kh2 Qh4 39. Kg1 f5 40. Nd2 Rf8
41. Ne3 fxe4 42. Rf1 Ba7 43. Re1 Bc5 44. Qf1 Rb8 1/2-1/2

[Event "Tradewise Gibraltar Masters 16th"]
[Site "Gibraltar"]
[Date "2018.01.28"]
[Round "6.39"]
[White "Sonis, Francesco"]
[Black "Peralta, Fernando"]
[Result "1/2-1/2"]
[WhiteElo "2425"]
[BlackElo "2559"]
[PlyCount "68"]
[EventDate "2018.01.23"]
[EventType "swiss"]
[EventRounds "10"]
[EventCountry "GGB"]
[SourceTitle "BritBase"]
[Source "www.saund.co.uk"]
[SourceDate "2018.02.10"]
[SourceVersion "1"]
[SourceVersionDate "2018.02.10"]
[SourceQuality "1"]

1. c4 e6 2. Nf3 d5 3. g3 Nf6 4. Bg2 d4 5. O-O c5 6. e3 Nc6 7. exd4 cxd4 8. d3
Bd6 9. Na3 O-O 10. Nc2 e5 11. Bg5 h6 12. Bxf6 Qxf6 13. Nd2 Qg6 14. Ne4 Be7 15.
Re1 Bg4 16. f3 Be6 17. Qd2 f5 18. Nf2 f4 19. Ne4 a5 20. Re2 h5 21. Kf2 fxg3+
22. hxg3 h4 23. Rh1 hxg3+ 24. Nxg3 Bg5 25. Qd1 Bxc4 26. dxc4 d3 27. Re4 dxc2
28. Qxc2 Bf4 29. Ne2 Be3+ 30. Kxe3 Qxg2 31. Rh8+ Kxh8 32. Rh4+ Kg8 33. Qh7+ Kf7
34. Rg4 Qxg4 1/2-1/2

[Event "Tradewise Gibraltar Masters 16th"]
[Site "Gibraltar"]
[Date "2018.01.28"]
[Round "6.40"]
[White "Lagno, Kateryna"]
[Black "Swayams, Mishra"]
[Result "1-0"]
[WhiteElo "2556"]
[BlackElo "2432"]
[PlyCount "197"]
[EventDate "2018.01.23"]
[EventType "swiss"]
[EventRounds "10"]
[EventCountry "GGB"]
[SourceTitle "BritBase"]
[Source "www.saund.co.uk"]
[SourceDate "2018.02.10"]
[SourceVersion "1"]
[SourceVersionDate "2018.02.10"]
[SourceQuality "1"]

1. e4 e5 2. Nf3 Nc6 3. Bc4 Nf6 4. d4 exd4 5. e5 d5 6. Bb5 Ne4 7. Nxd4 Bd7 8.
Bxc6 bxc6 9. O-O Bc5 10. f3 Ng5 11. f4 Ne4 12. Be3 Bb6 13. Nd2 Nxd2 14. Qxd2 c5
15. Nb3 d4 16. Bf2 Bc6 17. c4 dxc3 18. Qxd8+ Rxd8 19. bxc3 c4 20. Nd4 Bd7 21.
a4 O-O 22. a5 Bxd4 23. Bxd4 a6 24. f5 Rfe8 25. Rae1 Bc8 26. e6 Rd5 27. f6 Rxe6
28. fxg7 Rxa5 29. g4 Rg5 30. h3 Rd5 31. Bf6 Rdd6 32. g5 Rxe1 33. Rxe1 Re6 34.
Ra1 Bb7 35. h4 Be4 36. Ra5 Bd3 37. Rc5 Re8 38. Ra5 Re6 39. Kf2 Re2+ 40. Kf3 Re6
41. Rc5 Re8 42. Be5 Rb8 43. Kf4 Re8 44. h5 Be2 45. h6 Bd3 46. Ra5 Ra8 47. Bxc7
Bf1 48. Rd5 Bg2 49. Rd6 Bh3 50. Bd8 Be6 51. Ba5 Bh3 52. Ke5 Bf1 53. Kd4 Be2 54.
Kc5 Bd3 55. Kb6 Be2 56. Bb4 Bd3 57. Ka5 Bf1 58. Bc5 Bh3 59. Ba7 Re8 60. Kb4 Rc8
61. Rxa6 Bf1 62. Rd6 Be2 63. Bb6 Bf1 64. Bd8 Be2 65. Kb5 Bf1 66. Kb6 Bg2 67.
Rd4 Rc6+ 68. Kb5 Rc8 69. Bf6 Bf3 70. Rh4 Bd5 71. Kb6 Rc6+ 72. Ka7 Rc8 73. Rd4
Bf3 74. Bd8 Ra8+ 75. Kb6 Rc8 76. Bc7 Be2 77. Re4 Bf1 78. Re7 Bg2 79. Kc5 Bf1
80. Kd6 Bd3 81. Kc6 Bf5 82. Kb7 Bh3 83. Re5 Bd7 84. Rc5 Re8 85. Rxc4 Re6 86.
Rd4 Bc6+ 87. Kc8 Be8 88. Rd8 f6 89. gxf6 Kf7 90. c4 Re4 91. c5 Rg4 92. Bd6 Rg6
93. c6 Rg2 94. c7 Rg1 95. Kb7 Rb1+ 96. Ka7 Ra1+ 97. Kb6 Rb1+ 98. Kc5 Rc1+ 99.
Kb4 1-0

[Event "Tradewise Gibraltar Masters 16th"]
[Site "Gibraltar"]
[Date "2018.01.28"]
[Round "6.41"]
[White "Vasquez Schroeder, Rodrigo"]
[Black "Wemmers, Xander"]
[Result "1-0"]
[WhiteElo "2554"]
[BlackElo "2430"]
[PlyCount "67"]
[EventDate "2018.01.23"]
[EventType "swiss"]
[EventRounds "10"]
[EventCountry "GGB"]
[SourceTitle "BritBase"]
[Source "www.saund.co.uk"]
[SourceDate "2018.02.10"]
[SourceVersion "1"]
[SourceVersionDate "2018.02.10"]
[SourceQuality "1"]

1. d4 Nf6 2. Nf3 e6 3. c4 Bb4+ 4. Bd2 c5 5. Bxb4 cxb4 6. a3 Qe7 7. Nbd2 bxa3 8.
Rxa3 O-O 9. e4 d6 10. Be2 e5 11. d5 a5 12. b4 b6 13. Qa1 Qc7 14. c5 bxc5 15. b5
Bg4 16. O-O Nbd7 17. Qc3 Nb6 18. Rfa1 a4 19. Bf1 h6 20. Ne1 Bd7 21. Nc2 Rfb8
22. Nb4 Rf8 23. Nc6 Kh8 24. Qc2 Nh7 25. Nc4 f5 26. Nxb6 Qxb6 27. Rxa4 Rxa4 28.
Qxa4 Bxc6 29. dxc6 c4 30. Bxc4 Qc5 31. exf5 Rxf5 32. Qc2 Rf8 33. Bd3 Qd4 34.
Ra4 1-0

[Event "Tradewise Gibraltar Masters 16th"]
[Site "Gibraltar"]
[Date "2018.01.28"]
[Round "6.42"]
[White "Wallace, John Paul"]
[Black "Michalik, Peter"]
[Result "0-1"]
[WhiteElo "2415"]
[BlackElo "2553"]
[PlyCount "48"]
[EventDate "2018.01.23"]
[EventType "swiss"]
[EventRounds "10"]
[EventCountry "GGB"]
[SourceTitle "BritBase"]
[Source "www.saund.co.uk"]
[SourceDate "2018.02.10"]
[SourceVersion "1"]
[SourceVersionDate "2018.02.10"]
[SourceQuality "1"]

1. d4 Nf6 2. Nf3 g6 3. Bg5 Bg7 4. Nbd2 d5 5. e3 O-O 6. c3 Nbd7 7. Bd3 Re8 8.
O-O e5 9. e4 exd4 10. cxd4 dxe4 11. Nxe4 h6 12. Qb3 Re6 13. Bh4 g5 14. Nxf6+
Nxf6 15. Bg3 Rb6 16. Qc2 Rc6 17. Qd2 Be6 18. Rfe1 Nh5 19. Be5 Bxe5 20. Rxe5 Nf4
21. Rae1 Bd5 22. Be4 Rd6 23. Qe3 f6 24. Re7 Qxe7 0-1